000 00687nam a22001937a 4500
005 20231108153226.0
010 _aHIN-126148
020 _a9788119099139
_c450.00
035 _aHN-98444
037 _bDBAD/PUB
082 _a808.88
100 _aपाण्डेय,सुरेश
_958401
245 _aएक आई सर्जन की डायरी/
_c सुरेश पाण्डेय
250 _a1
260 _aउत्तरप्रदेश
_bmaple press private limited
_c2023
270 _aA 63, Secter 58
_bnoida
_e201301
300 _a302 पृ
_c22 सेमी (अजिल्द)
942 _cHN
_2ddc
_h808.88
_mपाण्डेय
999 _c198673
_d198673